MARC

LEADER 00000nam0a2200000 4500
001 72650
005 20231031083733.0
035 |a (RuTPU)RU\TPU\book\77477 
090 |a 72650 
100 |a 20050128d1972 km y0rusy50 ca 
101 0 |a rus 
102 |a UA 
105 |a a z 001zy 
200 1 |a Ультразвуковой контроль сварных швов  |f А. К. Гурвич, И. Н. Ермолов 
210 |a Киев  |c Технiка  |d 1972 
215 |a 460 с.  |c ил. 
320 |a Библиогр.: с. 447-457. 
610 1 |a сварные швы 
610 1 |a контроль 
610 1 |a ультразвуковой контроль 
610 1 |a ультразвуковые волны 
610 1 |a дефектоскопия 
610 1 |a автоматический контроль 
610 1 |a сварные соединения 
675 |a 621.791  |v 3 
700 1 |a Гурвич  |b А. К.  |g Анатолий Константинович 
701 1 |a Ермолов  |b И. Н.  |g Игорь Николаевич 
801 1 |a RU  |b 63413507  |c 20050128  |g PSBO 
801 2 |a RU  |b 63413507  |c 20151028  |g PSBO 
900 |a Акустический контроль и диагностика 
942 |c BK